1497 1347 1450 1854 1309 1861 1820 1000 1509 1507 1175 1905 1304 1421 1926 1905 1910 1368 1548 1430 1746 1912 1939 1681 1633 1004 1272 1748 1084 1283 1912 1433 1440 1180 1024 1846 1902 1336 1669 1286 1205 1110 1201 1053 1026 1295 1524 1759 1530 1953 1549 1324 1555 1290 1677 1526 1869 1360 1495 1354 1750 1459 1377 1238 1156 1461 1988 1155 1445 1767 1022 1004 1930 1961 1778 1948 1964 1800 1625 1248 1228 1486 1495 1759 1087 1062 1819 1002 1432 1173 1277 1736 1527 1582 1574 1933 1540 1018 1060 BCNSPRNW ULIB Ver.6.0+V

เปลี่ยนเป็นภาษาไทย

Change to English
 แสดงรายละเอียดบรรณานุกรม
  กลับหน้าหลัก

Brief Record : Get Marc (ISO 2709) : E-mail record : QR code < ปิดหน้าต่าง
LEADER : 00000nam 2200000uu 4500
001    13399121664
003     ULIB
008    121129s||||||||th 000 0 tha d
020    ^a9742961581
060  4 ^aWS103^bอ294ค
245 00 ^aคู่มือกิจกรรมเสริมสร้างความฉลาดทางอารมณ์เด็กอายุ 3-11 ปี /^cกรมสุขภาพจิต กระทรวงสาธารณสุข
260    ^aนนทบุรี :^bกรมสุขภาพจิต กระทรวงสาธารณสุข,^c2546.
300    ^aก-จ, 156 หน้า :^bภาพประกอบ ;^c30 ซม.
650  7 ^aเด็ก^xจิตวิทยา
650  7 ^aเด็ก
650  7 ^aความฉลาดทางอารมณ์
710 2  ^aกระทรวงสาธารณสุข.^bกรมสุขภาพจิต
945    ^p0^l0^i13574
945    ^p0^l0^i13575
995    ^aวิภา
999    ^aวิภา
รายการนี้ยังไม่มีแท็ก
คุณยังไม่ได้ล็อกอิน คุณสามารถมีกิจกรรมร่วมกับเว็บไซต์ได้ แต่ต้องล็อกอินก่อน ::
  ล็อกอิน

รายการสื่อสารสนเทศ

ลำดับที่ ประเภท เลขเรียก/บาร์โค้ด สถานที่ สถานะ
1. วิทยาศาสตร์การแพทย์ และสุขภาพ
วิทยาศาสตร์การแพทย์ และสุขภาพ
WS103 อ294ค  
  Barcode: 13574
ห้องสมุดวิทยาเขตสวรรค์ประชารักษ์
►หนังสือทั่วไป
บนชั้น
2. วิทยาศาสตร์การแพทย์ และสุขภาพ
วิทยาศาสตร์การแพทย์ และสุขภาพ
WS103 อ294ค ฉ.2 
  Barcode: 13575
ห้องสมุดวิทยาเขตสวรรค์ประชารักษ์
►หนังสือทั่วไป
บนชั้น

รายการใกล้เคียง
    หัวเรื่อง [เด็ก]
    หัวเรื่อง [ความฉลาดทางอารมณ์]

BibComment


ยังไม่เคยถูกคอมเมนท์

คอมเมนท์ทรัพยากรรายการนี้
  คอมเมนท์: คู่มือกิจกรรมเสร..


 Copyright 2026. Bcnsprnw @Library